LEADER 00805nam0 2200241 450 001 000017180 005 20181011120004.0 100 $a20081007d1963----km-y0itay50------ba 101 0 $aita 102 $aIT 105 $ay-------001yy 200 1 $aIstituzioni monetarie e bancarie nella Russia sovietica$eevoluzione e critica dal 1917 ai nostri giorni$fUgo Scuotto 210 $aRoma$cG. Pastena$dstampa 1963 215 $a179 p.$d24 cm 610 1 $aBanche$aStoria$aUnione Sovietica 676 $a332.09$v19 700 1$aScuotto,$bUgo$0105413 801 0$aIT$bUNIPARTHENOPE$c20081007$gRICA$2UNIMARC 912 $a000017180 951 $a332.09/106(1)$b16579$cNAVA4 951 $a332.09/106(2)$b16579$cNAVA4 996 $aIstituzioni monetarie e bancarie nella Russia Sovietica$9420414 997 $aUNIPARTHENOPE